Saggio storico-apologetico della letteratura spagnuola. Contro le pregiudicate opinioni di alcuni moderni Scrittori Italiani (Record no. 10907)
[ view plain ]
| 000 -CABECERA | |
|---|---|
| campo de control de longitud fija | 01492nam a22002537a 4500 |
| 001 - NÚMERO DE CONTROL | |
| campo de control | BRCA_9287 |
| 003 - IDENTIFICADOR DEL NÚMERO DE CONTROL | |
| campo de control | FranzMayer |
| 005 - FECHA Y HORA DE LA ÚLTIMA TRANSACCIÓN | |
| campo de control | 20230724112435.0 |
| 008 - DATOS DE LONGITUD FIJA--INFORMACIÓN GENERAL | |
| campo de control de longitud fija | 230724b |||||||| |||| 00| 0 eng d |
| 040 ## - FUENTE DE LA CATALOGACIÓN | |
| Centro catalogador/agencia de origen | MFM |
| Lengua de catalogación | esp |
| Centro/agencia transcriptor | MFM |
| 050 #4 - SIGNATURA TOPOGRÁFICA DE LA BIBLIOTECA DEL CONGRESO | |
| Número de clasificación | LE44 |
| Número de documento/Ítem | L36 1781 |
| 082 ## - NÚMERO DE LA CLASIFICACIÓN DECIMAL DEWEY | |
| Número de edición | PQ6042.A2 |
| 100 1# - ENTRADA PRINCIPAL--NOMBRE DE PERSONA | |
| Código de función/relación | autor |
| Nombre de persona | Lampillas D. Saverio |
| 9 (RLIN) | 28933 |
| 240 1# - TÍTULO UNIFORME | |
| Título uniforme | Saggio storico-apologetico della letteratura spagnuola. Contro le pregiudicate opinioni di alcuni moderni Scrittori Italiani |
| Medio | Parte II Della letteratura moderna. Tomo III |
| Lenguaje de la obra | Italiano |
| 245 0# - MENCIÓN DE TÍTULO | |
| Título | Saggio storico-apologetico della letteratura spagnuola. Contro le pregiudicate opinioni di alcuni moderni Scrittori Italiani |
| Resto del título | Parte II Della letteratura moderna. Tomo III |
| 260 ## - PUBLICACIÓN, DISTRIBUCIÓN, ETC. | |
| Lugar de publicación, distribución, etc. | Genova, Italia |
| Nombre del editor, distribuidor, etc. | Presso Felice Respetto in Cannezo |
| Fecha de publicación, distribución, etc. | 1781 |
| 300 ## - DESCRIPCIÓN FÍSICA | |
| Extensión | 310 p |
| Dimensiones | 20 cm |
| 440 ## - MENCIÓN DE SERIE/PUNTO DE ACCESO ADICIONAL--TÍTULO | |
| Título | Saggio storico-apologetico della letteratura spagnuola. Contro le pregiudicate opinioni di alcuni moderni Scrittori Italiani |
| Número de parte o sección de la obra | Parte II Della letteratura moderna. Tomo III |
| Nombre de parte o sección de la obra | Parte II |
| Designación de volumen o secuencia | Tomo III |
| 9 (RLIN) | 28934 |
| 500 ## - NOTA GENERAL | |
| Nota general | Con daño por insectos y bacterias en varias páginas del libro, provocando que las hojas tengan perforaciones irregulares. |
| 505 0# - NOTA DE CONTENIDO CON FORMATO | |
| Nota de contenido con formato | Texto en: italianoDirigido a: literatos, estudiosos, filólogos y traductoresIncluye índice temático |
| 650 1# - PUNTO DE ACCESO ADICIONAL DE MATERIA--TÉRMINO DE MATERIA | |
| Fuente del encabezamiento o término | Literatura española |
| Término de materia o nombre geográfico como elemento de entrada | Estudios de la literatura |
| Subdivisión de forma | Historia de la literatura española |
| 9 (RLIN) | 28935 |
| 651 2# - PUNTO DE ACCESO ADICIONAL DE MATERIA--NOMBRE GEOGRÁFICO | |
| Fuente del encabezamiento o término | Lengua española |
| Nombre geográfico | Debates sobre la lengua |
| Subdivisión de forma | Siglo XVIII |
| 9 (RLIN) | 28936 |
| 942 ## - ELEMENTOS DE PUNTO DE ACCESO ADICIONAL (KOHA) | |
| Fuente del sistema de clasificación o colocación | Library of Congress Classification |
| Tipo de ítem Koha | Libros |
| Estado de retiro | Estado de pérdida | Fuente del sistema de clasificación o colocación | Estado dañado | No para préstamo | Código de colección | Localización permanente | Ubicación/localización actual | Fecha de adquisición | Fuente de adquisición | Total de préstamos | Signatura topográfica completa | Código de barras | Fecha visto por última vez | Precio válido a partir de | Tipo de ítem Koha |
|---|---|---|---|---|---|---|---|---|---|---|---|---|---|---|---|
| El ejemplar forma parte de la colección y puede ser consultado según las políticas vigentes. | Library of Congress Classification | Conventual Franz Mayer | Biblioteca del Museo Franz Mayer (Rogerio Casas-Alatriste) | Biblioteca del Museo Franz Mayer (Rogerio Casas-Alatriste) | 24/07/2023 | Donación | LE44 L36 1781 | CFM00523 | 24/07/2023 | 24/07/2023 | Libros |